[Event "BRA Amateur-ch U1800"]
[Site "Sao Paulo"]
[Date "2022.11.05"]
[Round "5"]
[White "Pereira, Rodrigo Ferreira"]
[Black "Sanchez, Ivan Roberto"]
[Result "0-1"]
[WhiteElo "1729"]
[BlackElo "1692"]
[PlyCount "106"]
[EventDate "2022.11.03"]
[EventType "swiss"]
[EventRounds "7"]
[EventCountry "BRA"]
[SourceTitle "CBM 211 Extra"]
[Source "ChessBase"]
[SourceDate "2023.01.31"]
[SourceVersion "1"]
[SourceVersionDate "2023.01.31"]
[SourceQuality "1"]

1. c4 e5 2. g3 Nf6 3. Bg2 Bc5 4. Nf3 d6 5. Nc3 0-0 6. 0-0 Bg4 7. h3 Be6 8. d3 h6 9. Na4 Bb6 10. b4 c6 11. Rb1 Nbd7 12. Qc2 Bc7 13. Bb2 Nh7 14. d4 e4 15. Nd2 f5 16. Qc3 Nhf6 17. d5 cxd5 18. cxd5 Bxd5 19. Ba1 Rc8 20. Qb2 b5 21. Nc3 Bc6 22. Nb3 Bb6 23. Rbd1 Qe7 24. Nd4 Bxd4 25. Rxd4 Ne5 26. Rfd1 Nc4 27. Qb3 Kh7 28. e3 a6 29. a4 Nd7 30. Bf1 Nde5 31. Be2 Qg5 32. Nd5 Bxd5 33. Rxd5 f4 34. exf4 Rxf4 35. Kg2 Rcf8 36. Bd4 bxa4 37. Qc3 e3 38. Bxe3 Nxe3+ 39. Qxe3 Rxf2+ 40. Qxf2 Rxf2+ 41. Kxf2 Qf5+ 42. Kg2 Qe4+ 43. Kf2 Qxb4 44. Rxd6 a5 45. R6d5 Qc3 46. Rb5 a3 47. Rdd5 a2 48. Rxa5 a1Q 49. Rxa1 Qxa1 50. Rd1 Qa7+ 51. Kg2 Qe3 52. Bg4 Nxg4 53. hxg4 Qe2+ 0-1

[Event "Florianopolis op 5th"]
[Site "Florianopolis"]
[Date "2019.01.27"]
[Round "10"]
[White "Sarda, Pedro Sada"]
[Black "Sanchez, Ivan Roberto"]
[Result "1-0"]
[WhiteElo "1539"]
[BlackElo "1703"]
[PlyCount "132"]
[EventDate "2019.01.21"]
[EventType "swiss"]
[EventRounds "10"]
[EventCountry "BRA"]
[SourceTitle "EXT 2020"]
[Source "ChessBase"]
[SourceDate "2019.10.17"]
[SourceVersion "1"]
[SourceVersionDate "2019.10.17"]
[SourceQuality "1"]

1. d4 Nf6 2. Nf3 d5 3. Bg5 e6 4. Nbd2 Be7 5. e3 0-0 6. Bd3 Nbd7 7. c3 Re8 8. Ne5 Nf8 9. f4 c5 10. Ndf3 c4 11. Bc2 Ne4 12. Bxe7 Qxe7 13. 0-0 b5 14. Nd2 Bb7 15. Nxe4 dxe4 16. f5 f6 17. Ng4 Rad8 18. fxe6 Qxe6 19. Nf2 Rd6 20. Qg4 f5 21. Qg5 Bc8 22. Nh3 Qh6 23. Qxh6 Rxh6 24. a4 a6 25. axb5 axb5 26. Ra5 Rb6 27. Nf4 Bb7 28. Ne2 g6 29. Rb1 b4 30. Ba4 Rd8 31. Rb5 Rdd6 32. cxb4 Ne6 33. Nc3 Nc7 34. Rxb6 Rxb6 35. b5 Bc8 36. b3 cxb3 37. Bxb3+ Kf8 38. Nd5 Nxd5 39. Bxd5 Bb7 40. Bc4 Ke7 41. Kf2 Bc8 42. Ra1 h6 43. Ra8 Bb7 44. Rb8 Kd7 45. Kg3 Kc7 46. Rh8 g5 47. Rf8 Bc8 48. Rf7+ Bd7 49. Bd5 Rxb5 50. Be6 f4+ 51. exf4 gxf4+ 52. Kxf4 Rb2 53. Rxd7+ Kc6 54. d5+ Kc5 55. Kxe4 Rxg2 56. h3 Rg5 57. Rh7 Rh5 58. Kf4 Kd6 59. Kg4 Rg5+ 60. Kh4 Rg6 61. Kh5 Rg2 62. Rxh6 Ke7 63. Rg6 Rd2 64. Rg4 Rb2 65. Kg6 Rb8 66. h4 Rf8 1-0

[Event "Florianopolis op 5th"]
[Site "Florianopolis"]
[Date "2019.01.22"]
[Round "3"]
[White "Sanchez, Ivan Roberto"]
[Black "Ichimura G Barbosa, Larissa Yuki"]
[Result "0-1"]
[WhiteElo "1703"]
[BlackElo "1967"]
[PlyCount "76"]
[EventDate "2019.01.21"]
[EventType "swiss"]
[EventRounds "10"]
[EventCountry "BRA"]
[SourceTitle "CBM 188 Extra"]
[Source "ChessBase"]
[SourceDate "2019.02.26"]
[SourceVersion "1"]
[SourceVersionDate "2019.02.26"]
[SourceQuality "1"]

1. Nf3 Nf6 2. c4 g6 3. g3 Bg7 4. Bg2 0-0 5. d4 d6 6. 0-0 Nbd7 7. Nc3 e5 8. dxe5 dxe5 9. Qc2 c6 10. Rd1 Qc7 11. b3 Re8 12. e4 Bf8 13. Na4 Nc5 14. Nxc5 Bxc5 15. h3 Nh5 16. Kh2 f5 17. Ne1 f4 18. g4 Ng7 19. Nd3 Bd4 20. Rb1 Ne6 21. Ne1 Qe7 22. Nf3 a5 23. Bb2 Bxb2 24. Rxb2 Ng5 25. Nxg5 Qxg5 26. Rd6 Be6 27. Qd1 Rad8 28. Rbd2 Rxd6 29. Rxd6 h5 30. f3 Qh4 31. Kg1 Kf7 32. Kf1 hxg4 33. hxg4 Rh8 34. Qe1 Qe7 35. c5 a4 36. Qc3 axb3 37. axb3 Ra8 38. Qxe5 Bc4+ 0-1

[Event "Florianopolis op 4th"]
[Site "Florianopolis"]
[Date "2018.01.21"]
[Round "4"]
[White "Almeida Junior, Alvaro Alves de"]
[Black "Sanchez, Ivan Roberto"]
[Result "1/2-1/2"]
[WhiteElo "2015"]
[BlackElo "1634"]
[PlyCount "147"]
[EventDate "2018.01.19"]
[EventType "swiss"]
[EventRounds "10"]
[EventCountry "BRA"]
[SourceTitle "EXT 2019"]
[Source "ChessBase"]
[SourceDate "2018.10.10"]
[SourceVersion "1"]
[SourceVersionDate "2018.10.10"]
[SourceQuality "1"]

1. e4 e6 2. d4 d5 3. Nd2 c5 4. exd5 Qxd5 5. Ngf3 cxd4 6. Bc4 Qd6 7. 0-0 Nc6 8. Nb3 Be7 9. Nbxd4 Nf6 10. Bb3 Nxd4 11. Nxd4 Bd7 12. Bg5 0-0 13. c3 Rac8 14. Bc2 Rc5 15. Bh4 Rd8 16. Qd3 Rh5 17. Bg3 Qb6 18. Qe2 Bd6 19. Rfd1 Bxg3 20. hxg3 e5 21. Nf3 Ng4 22. Nh4 Nf6 23. Rd2 Bc6 24. Rad1 Rxd2 25. Qxd2 g6 26. Qd6 Kg7 27. b4 e4 28. Qe7 Ng4 29. Rd2 Re5 30. Qd8 Qxd8 31. Rxd8 e3 32. fxe3 Rxe3 33. Rd1 Rxc3 34. Bb3 Rxg3 35. Rf1 f6 36. Rf4 Ne3 37. Kf2 g5 38. Kxg3 gxf4+ 39. Kf2 Bd5 40. Nf5+ Kf8 41. Bxd5 Nxd5 42. a3 b6 43. Kf3 a5 44. bxa5 bxa5 45. Ke4 Nc3+ 46. Kxf4 Nb5 47. a4 Nc3 48. Nd6 Nxa4 49. Nc4 Nc5 50. Nxa5 Ne6+ 51. Kf5 Kf7 52. Nc6 Ng7+ 53. Kf4 Ke6 54. Nd4+ Ke7 55. Nf3 Ne6+ 56. Kf5 Kf7 57. g3 Ng7+ 58. Kg4 Ke6 59. Nd4+ Ke5 60. Nf3+ Ke4 61. Nd2+ Ke3 62. Nc4+ Kd4 63. Nd6 h5+ 64. Kf4 Kd5 65. Nf5 Ne6+ 66. Ke3 Ke5 67. Nh4 Ng7 68. Kf3 Nf5 69. Ng6+ Kd4 70. g4 hxg4+ 71. Kxg4 Ng7 72. Kf4 Kd5 73. Ne7+ Ke6 74. Ng8 1/2-1/2

[Event "BRA-ch Amateur U1800"]
[Site "Sao Paulo"]
[Date "2017.10.15"]
[Round "7"]
[White "Sanchez, Ivan Roberto"]
[Black "De Paiva, Ricardo Carisio Bat"]
[Result "0-1"]
[WhiteElo "1652"]
[BlackElo "1793"]
[PlyCount "58"]
[EventDate "2017.10.12"]
[EventType "swiss"]
[EventRounds "7"]
[EventCountry "BRA"]
[SourceTitle "EXT 2019"]
[Source "ChessBase"]
[SourceDate "2018.10.10"]
[SourceVersion "1"]
[SourceVersionDate "2018.10.10"]
[SourceQuality "1"]

1. b3 e5 2. Bb2 d6 3. e3 Nf6 4. Nf3 e4 5. Nd4 Bg4 6. Be2 Bd7 7. 0-0 c5 8. Nb5 a6 9. N5a3 Be7 10. f3 exf3 11. Bxf3 Bc6 12. c4 0-0 13. Nc2 d5 14. d3 dxc4 15. Bxc6 Nxc6 16. dxc4 Qxd1 17. Rxd1 b5 18. Nd2 Ng4 19. h3 Nge5 20. cxb5 axb5 21. Ba3 Nb4 22. Bxb4 cxb4 23. Ne4 f5 24. Rd5 fxe4 25. Rxe5 Bf6 26. Rxe4 Bxa1 27. Nxa1 Rfe8 28. Rf4 Rxe3 29. Rf5 Re4 0-1